000 00384nam a2200157Ia 4500
008 230524s9999 xx 000 0 und d
082 _a621.3827
_bROS
100 _aJohn Ross
245 0 _aTelecommunication Technologies
250 _a1ST
260 _aSINGAPORE
_bThomson Asia
_c2003
300 _aXVI;366
500 _aQuantity Number: 2
650 _aElectronics
942 _cBK
999 _c24816
_d24816